000 00466nam a2200169Ia 4500
005 20140915125312.0
010 _aBAC-EN21
020 _a9788126533220
_c699.00
037 _bAsian Book Centre/Ven
100 _aBryan,Tony
245 _aConstruction Technology :
_banalysis and choice /
_cby Tony Bryan
250 _a2nd ed
260 _c2012
_aNew Delhi
_bWiley India
300 _c23cm(pbk)
_a453p.:
_bill.
942 _cEN
_2ddc
999 _c88043
_d88043